000 01017nam a22002657a 4500
005 20170123164145.0
010 _aB-117488
020 _c23.00
035 _aB-117488
037 _bCen Lib/Ret
040 _aDPL
_bPN
082 _a
_bਪਵਾਰ
100 _aਪਾਵਾਰ, ਅਨੋਖ ਸਿੰਘ
_9122058
245 _aਮਹਿਕਦੇ ਅੰਗੀਅਰ /
_cਅਨੋਖ ਸਿੰਘ ਪਾਵਾਰ
246 _aMehakde angiar
_bby Anokh Singh Pawar ; Dharam Pal Chowdhary
260 _aਪੰਜਾਬ
_bਭਾਸ਼ਾ ਵਿਭਾਗ
_c2007
270 _aਭਾਇਰੌਕਟਰ, ਭਾਸ਼ਾ ਵਿਭਾਗ
_bਪੰਜਾਬ
_e110006
300 _a121p ;
_c20cm
650 _aਪੰਜਾਬੀ --ਸਾਹਿਤ
_9122059
650 _aਪੰਜਾਬੀ-- ਕਹਾਣੀਆਂ
_9122060
650 _aliterature--Punjabi
_9114104
650 _aPunjabi - story
_9116063
700 _aਚੋਧਰੀ, ਧਰਮ ਪਾਲ
_949978
942 _2ddc
_cPN
_h
_mਪਾਵਾਰ
999 _c109944
_d109944